[Event "Landesliga Sued 0607"]
[Site "Bayern"]
[Date "2007.04.01"]
[Round "8.5"]
[White "Fischer, Johann Stefan"]
[Black "Vodicka, Vlastimil"]
[Result "0-1"]
[WhiteElo "2251"]
[BlackElo "2160"]
[PlyCount "62"]
[EventDate "2006.10.15"]
[EventType "team-tourn"]
[EventRounds "9"]
[EventCountry "GER"]
[SourceTitle "EXT 2008"]
[Source "ChessBase"]
[SourceDate "2007.11.25"]
[SourceVersion "1"]
[SourceVersionDate "2007.11.25"]
[SourceQuality "1"]
[WhiteTeam "Muenchen Siemens"]
[BlackTeam "Bayerwald"]
[WhiteTeamCountry "GER"]
[BlackTeamCountry "GER"]

1. d4 Nf6 2. c4 d6 3. Nf3 g6 4. Nc3 Bg7 5. g3 0-0 6. Bg2 Nbd7 7. 0-0 e5 8. h3 c6 9. dxe5 dxe5 10. Bg5 h6 11. Be3 Qe7 12. Qc1 Kh7 13. Rd1 Re8 14. Rb1 a5 15. b3 Nf8 16. Na4 Bf5 17. Bc5 Qe6 18. Rd6 Qc8 19. g4 Bxb1 20. Qxb1 N8d7 21. g5 hxg5 22. Nxg5+ Kg8 23. Be4 Nxe4 24. Qxe4 Nxc5 25. Nxc5 Qf5 26. Qh4 Re7 27. Nd7 Rxd7 28. e4 Qxg5+ 29. Qxg5 Rxd6 30. Qe7 Rad8 31. Qxb7 Bf6 0-1

[Event "Landesliga Sued 0607"]
[Site "Bayern"]
[Date "2007.03.18"]
[Round "7.5"]
[White "Vogel, Robert"]
[Black "Fischer, Johann Stefan"]
[Result "0-1"]
[WhiteElo "2191"]
[BlackElo "2251"]
[PlyCount "98"]
[EventDate "2006.10.15"]
[EventType "team-tourn"]
[EventRounds "9"]
[EventCountry "GER"]
[SourceTitle "EXT 2008"]
[Source "ChessBase"]
[SourceDate "2007.11.25"]
[SourceVersion "1"]
[SourceVersionDate "2007.11.25"]
[SourceQuality "1"]
[WhiteTeam "Pang/Rosenheim"]
[BlackTeam "Muenchen Siemens"]
[WhiteTeamCountry "GER"]
[BlackTeamCountry "GER"]

1. d4 Nf6 2. c4 e6 3. g3 c5 4. Nf3 cxd4 5. Nxd4 Nc6 6. Nc3 a6 7. Bg2 Qb6 8. Nc2 Be7 9. 0-0 0-0 10. b3 Qc7 11. Bb2 b6 12. e4 Bb7 13. f4 d6 14. Kh1 Rab8 15. Rc1 Ba8 16. a4 Nd7 17. g4 Na5 18. Na1 h6 19. Rf3 Rfd8 20. Rh3 d5 21. g5 Qxf4 22. gxh6 Nf6 23. Qf1 Qxf1+ 24. Rxf1 d4 25. Ne2 e5 26. Ng3 g6 27. Bc1 Nh7 28. Bd2 Bc6 29. Ne2 Bg5 30. Bxg5 Nxg5 31. Rg3 Nxe4 32. Rg4 Nd2 33. Rf6 Bxg2+ 34. Kxg2 Rbc8 35. h4 Rc6 36. Rxc6 Nxc6 37. h5 Kh7 38. hxg6+ fxg6 39. Ng3 d3 40. Kf2 e4 41. Rf4 Nd4 42. Ke3 N2xb3 43. Nxe4 Nc2+ 44. Kf2 d2 45. Ng5+ Kxh6 46. Ne6 g5 47. Rf6+ Kh7 48. Nxc2 d1Q 49. Ne3 Rd2+ 0-1

[Event "Bad Woerishofen op 23th"]
[Site "Bad Woerishofen"]
[Date "2007.03.08"]
[Round "1"]
[White "Will, Matthias"]
[Black "Fischer, Johann Stefan"]
[Result "0-1"]
[WhiteElo "2020"]
[BlackElo "2310"]
[PlyCount "56"]
[EventDate "2007.03.08"]
[EventType "swiss"]
[EventRounds "9"]
[EventCountry "GER"]
[SourceTitle "EXT 2008"]
[Source "ChessBase"]
[SourceDate "2007.11.25"]
[SourceVersion "1"]
[SourceVersionDate "2007.11.25"]
[SourceQuality "1"]

1. d4 Nf6 2. Nf3 e6 3. Bg5 h6 4. Bh4 c5 5. e3 Nc6 6. c3 g5 7. Bg3 Ne4 8. Nbd2 Nxg3 9. hxg3 cxd4 10. exd4 Bg7 11. Bd3 b6 12. Qe2 Bb7 13. Ba6 Bxa6 14. Qxa6 0-0 15. 0-0-0 d5 16. Qd3 Qf6 17. Rdf1 Rfc8 18. Kb1 b5 19. Ne5 Nxe5 20. dxe5 Qxe5 21. f4 gxf4 22. gxf4 Qf6 23. f5 b4 24. fxe6 Qxe6 25. cxb4 Qe5 26. Qb3 a5 27. Rh3 a4 28. Qa3 Ra6 0-1

[Event "Landesliga Sued 0607"]
[Site "Bayern"]
[Date "2007.02.25"]
[Round "6.5"]
[White "Fischer, Johann Stefan"]
[Black "Lisko, Frantisek"]
[Result "0-1"]
[WhiteElo "2251"]
[BlackElo "2200"]
[PlyCount "38"]
[EventDate "2006.10.15"]
[EventType "team-tourn"]
[EventRounds "9"]
[EventCountry "GER"]
[SourceTitle "EXT 2008"]
[Source "ChessBase"]
[SourceDate "2007.11.25"]
[SourceVersion "1"]
[SourceVersionDate "2007.11.25"]
[SourceQuality "1"]
[WhiteTeam "Muenchen Siemens"]
[BlackTeam "Weilheim"]
[WhiteTeamCountry "GER"]
[BlackTeamCountry "GER"]

1. d4 Nf6 2. c4 e6 3. g3 c5 4. Nf3 cxd4 5. Nxd4 Qc7 6. Nd2 a6 7. Bg2 Nc6 8. Nxc6 bxc6 9. 0-0 Be7 10. Nb3 0-0 11. Bd2 a5 12. Bc3 a4 13. Nd4 d5 14. Rc1 e5 15. Nxc6 Qxc6 16. Bxe5 Ng4 17. Bf4 g5 18. Bd2 Qh6 19. h4 Qh5 0-1

[Event "Landesliga Sued 0607"]
[Site "Bayern"]
[Date "2007.02.04"]
[Round "5.5"]
[White "Tuchenhagen, Axel"]
[Black "Fischer, Johann Stefan"]
[Result "0-1"]
[WhiteElo "2106"]
[BlackElo "2251"]
[PlyCount "140"]
[EventDate "2006.10.15"]
[EventType "team-tourn"]
[EventRounds "9"]
[EventCountry "GER"]
[SourceTitle "EXT 2008"]
[Source "ChessBase"]
[SourceDate "2007.11.25"]
[SourceVersion "1"]
[SourceVersionDate "2007.11.25"]
[SourceQuality "1"]
[WhiteTeam "Starnberg"]
[BlackTeam "Muenchen Siemens"]
[WhiteTeamCountry "GER"]
[BlackTeamCountry "GER"]

1. d4 Nf6 2. c4 e6 3. Nc3 Bb4 4. e3 0-0 5. Bd3 c5 6. Nf3 Nc6 7. 0-0 Bxc3 8. bxc3 d6 9. e4 e5 10. d5 Ne7 11. Ne1 Ng6 12. g3 Bh3 13. Ng2 Re8 14. Rb1 Re7 15. f3 h6 16. Rf2 Bxg2 17. Kxg2 Rc8 18. h4 Rec7 19. Bf1 Qe7 20. Kh2 Re8 21. Bh3 Nh5 22. Qg1 Nf8 23. Bg4 Nf6 24. Qg2 Nxg4+ 25. fxg4 Qd7 26. Qf3 Qa4 27. Qe2 Nd7 28. Rb3 Nb6 29. Ra3 Qxc4 30. Qxc4 Nxc4 31. Rxa7 Rec8 32. a4 b6 33. Ra6 Rb7 34. Rc2 Rbb8 35. Ra7 Ra8 36. Rb7 Rxa4 37. g5 hxg5 38. hxg5 Rca8 39. g6 fxg6 40. Kh3 Ra2 41. Rxa2 Rxa2 42. Bg5 Re2 43. Rb8+ Kh7 44. Rb7 Rxe4 45. Bf6 Kg8 46. Bxg7 Ne3 47. Bh6 Nxd5 48. Rg7+ Kh8 49. Rd7 Nxc3 50. g4 Nd1 51. Kh4 Nf2 52. Kg5 Rxg4+ 53. Kf6 Ne4+ 54. Ke6 c4 55. Kf7 Kh7 56. Bf8 c3 57. Rc7 Nc5 58. Bxd6 Rf4+ 59. Ke8+ Kh6 60. Bxc5 bxc5 61. Rxc5 Rf3 62. Rxe5 g5 63. Ke7 g4 64. Ke6 g3 65. Re1 Kg5 66. Kd5 g2 67. Rg1 Rf2 68. Ke4 Kg4 69. Ra1 Rf1 70. Ra8 g1Q 0-1

[Event "Bayern-chI Bank Hofmann 9th"]
[Site "Bad Wiessee"]
[Date "2005.11.05"]
[Round "8"]
[White "Fischer, Johann Stefan"]
[Black "Loos, Stephan"]
[Result "1-0"]
[WhiteElo "2302"]
[BlackElo "2193"]
[PlyCount "61"]
[EventDate "2005.10.29"]
[EventType "swiss"]
[EventRounds "9"]
[EventCountry "GER"]
[SourceTitle "EXT 2006"]
[Source "ChessBase"]
[SourceDate "2005.11.24"]
[SourceVersion "1"]
[SourceVersionDate "2005.11.24"]
[SourceQuality "1"]

1. d4 f5 2. Nf3 Nf6 3. g3 g6 4. Bg2 Bg7 5. 0-0 0-0 6. Nbd2 d6 7. b3 c5 8. e3 Nc6 9. Bb2 Qc7 10. dxc5 dxc5 11. Nc4 b5 12. Nce5 Bb7 13. Nd3 Qb6 14. a4 a6 15. Ng5 Na5 16. Bxb7 Nxb7 17. Nf4 Rfd8 18. Qf3 Rac8 19. axb5 axb5 20. Nge6 Rd2 21. Nxg7 Kxg7 22. Rfd1 Rcd8 23. Rxd2 Rxd2 24. Ra8 Nd6 25. Bxf6+ exf6 26. Rd8 Ne4 27. Rxd2 Nxd2 28. Qd5 Qa5 29. Ne6+ Kh6 30. Kg2 Qb4 31. c4 1-0

[Event "Bad Woerishofen Seniors op 21st"]
[Site "Bad Woerishofen"]
[Date "2005.03.11"]
[Round "9"]
[White "Fischer, Johann Stefan"]
[Black "Bierwisch, Bernhard"]
[Result "1/2-1/2"]
[WhiteElo "2283"]
[BlackElo "2197"]
[PlyCount "110"]
[EventDate "2005.03.03"]
[EventType "swiss"]
[EventRounds "9"]
[EventCountry "GER"]
[SourceTitle "EXT 2006"]
[Source "ChessBase"]
[SourceDate "2005.11.24"]
[SourceVersion "1"]
[SourceVersionDate "2005.11.24"]
[SourceQuality "1"]

1. c4 e5 2. Nc3 Nc6 3. Nf3 Nf6 4. e3 Bb4 5. Qc2 0-0 6. a3 Bxc3 7. Qxc3 Re8 8. d3 d5 9. cxd5 Nxd5 10. Qc2 a5 11. b3 Bg4 12. Bb2 Bh5 13. Be2 Bg6 14. Nd2 Qd7 15. 0-0 Nf6 16. Ne4 Nxe4 17. dxe4 Nd8 18. Rfd1 Qc6 19. Qxc6 Nxc6 20. f3 Re7 21. Bc3 f6 22. b4 axb4 23. axb4 Rxa1 24. Rxa1 Nd8 25. Rd1 Ne6 26. b5 Nf8 27. Bb4 Rd7 28. Ra1 Rd8 29. Ra7 Rb8 30. Ba5 b6 31. Bc4+ Bf7 32. Bxf7+ Kxf7 33. Rxc7+ Kg6 34. Bb4 Ne6 35. Rc6 Kf7 36. f4 exf4 37. exf4 Rb7 38. f5 Nd4 39. Rc8 g6 40. g4 Nxb5 41. Rc6 Nd4 42. Rd6 Nf3+ 43. Kg2 Ne5 44. Kg3 gxf5 45. exf5 b5 46. h3 Rd7 47. Rxd7+ Nxd7 48. Kf4 Ne5 49. Bc3 b4 50. Bd4 b3 51. Ke4 h6 52. Bc3 Ke7 53. Kd4 Nf3+ 54. Kc4 Ng5 55. Kxb3 Nxh3 1/2-1/2

[Event "Bad Woerishofen Seniors op 21st"]
[Site "Bad Woerishofen"]
[Date "2005.03.10"]
[Round "8"]
[White "Goy, Udo"]
[Black "Fischer, Johann Stefan"]
[Result "0-1"]
[WhiteElo "2236"]
[BlackElo "2283"]
[PlyCount "44"]
[EventDate "2005.03.03"]
[EventType "swiss"]
[EventRounds "9"]
[EventCountry "GER"]
[SourceTitle "EXT 2006"]
[Source "ChessBase"]
[SourceDate "2005.11.24"]
[SourceVersion "1"]
[SourceVersionDate "2005.11.24"]
[SourceQuality "1"]

1. d4 Nf6 2. c4 e6 3. Nf3 b6 4. g3 Bb7 5. Bg2 Bb4+ 6. Nbd2 0-0 7. 0-0 d5 8. a3 Be7 9. Qc2 Nbd7 10. e3 dxc4 11. Qxc4 c5 12. b4 Rc8 13. dxc5 bxc5 14. b5 Bd5 15. Qc2 c4 16. Nd4 Ne5 17. Bb2 Bxg2 18. Kxg2 c3 19. Bxc3 Qd5+ 20. f3 Qc5 21. Nc6 Nxc6 22. bxc6 Nd5 0-1

[Event "Bad Woerishofen Seniors op 21st"]
[Site "Bad Woerishofen"]
[Date "2005.03.08"]
[Round "6"]
[White "Fischer, Johann Stefan"]
[Black "Kripp, Wolfgang"]
[Result "1-0"]
[WhiteElo "2283"]
[BlackElo "2038"]
[PlyCount "63"]
[EventDate "2005.03.03"]
[EventType "swiss"]
[EventRounds "9"]
[EventCountry "GER"]
[SourceTitle "EXT 2006"]
[Source "ChessBase"]
[SourceDate "2005.11.24"]
[SourceVersion "1"]
[SourceVersionDate "2005.11.24"]
[SourceQuality "1"]

1. e4 Nf6 2. e5 Nd5 3. d4 d6 4. Nf3 Bg4 5. Be2 e6 6. 0-0 Be7 7. c4 Nb6 8. Nc3 0-0 9. h3 Bh5 10. Be3 dxe5 11. Nxe5 Bxe2 12. Qxe2 c6 13. Rad1 N8d7 14. b3 Nxe5 15. dxe5 Qc7 16. f4 Rad8 17. Ne4 f5 18. exf6 Bxf6 19. Bc5 Be7 20. Qg4 Kh8 21. Bxe7 Qxe7 22. Ng5 Rxd1 23. Rxd1 e5 24. fxe5 h6 25. Nf3 Qa3 26. e6 Nc8 27. Rd7 Ne7 28. Rxb7 Rf6 29. b4 Qe3+ 30. Kh2 Rxe6 31. c5 Rg6 32. Rxe7 1-0

[Event "Bad Woerishofen Seniors op 21st"]
[Site "Bad Woerishofen"]
[Date "2005.03.07"]
[Round "5"]
[White "Hein, Manfred"]
[Black "Fischer, Johann Stefan"]
[Result "0-1"]
[WhiteElo "2038"]
[BlackElo "2283"]
[PlyCount "104"]
[EventDate "2005.03.03"]
[EventType "swiss"]
[EventRounds "9"]
[EventCountry "GER"]
[SourceTitle "EXT 2006"]
[Source "ChessBase"]
[SourceDate "2005.11.24"]
[SourceVersion "1"]
[SourceVersionDate "2005.11.24"]
[SourceQuality "1"]

1. e4 c5 2. Nf3 d6 3. d4 cxd4 4. Nxd4 Nf6 5. Nc3 a6 6. Be2 e6 7. Be3 Nbd7 8. 0-0 b5 9. f3 Bb7 10. Qd2 Be7 11. Rfc1 0-0 12. Nd1 d5 13. exd5 Nxd5 14. c3 Nxe3 15. Nxe3 Nc5 16. Nf1 Qb6 17. Kh1 Bf6 18. Rd1 Rfd8 19. Qe3 Na4 20. Rab1 e5 21. Nb3 Qe6 22. Na5 Bd5 23. b3 Nb6 24. Bd3 Rac8 25. Be4 Be7 26. Ng3 g6 27. Ne2 f5 28. Bxd5 Nxd5 29. Qc1 f4 30. c4 Ne3 31. Rxd8+ Rxd8 32. Qe1 b4 33. c5 Bxc5 34. Nb7 Rd5 35. Nxc5 Rxc5 36. Qxb4 Rc2 37. Rc1 Rxc1+ 38. Nxc1 Qd5 39. Qe1 Qd4 40. Ne2 Qb2 41. Qa5 Qxe2 42. Qd8+ Kf7 43. Qd7+ Kf6 44. Qd8+ Ke6 45. Qc8+ Kd6 46. Qd8+ Kc5 47. Qa5+ Kd4 48. Qb6+ Kc3 49. Qc5+ Kd3 50. Qd6+ Kc2 51. Qc5+ Kd1 52. Qd6+ Ke1 0-1

[Event "Bad Woerishofen Seniors op 21st"]
[Site "Bad Woerishofen"]
[Date "2005.03.06"]
[Round "4"]
[White "Fischer, Johann Stefan"]
[Black "Czeitschner, Roland"]
[Result "1-0"]
[WhiteElo "2283"]
[BlackElo "1766"]
[PlyCount "85"]
[EventDate "2005.03.03"]
[EventType "swiss"]
[EventRounds "9"]
[EventCountry "GER"]
[SourceTitle "EXT 2006"]
[Source "ChessBase"]
[SourceDate "2005.11.24"]
[SourceVersion "1"]
[SourceVersionDate "2005.11.24"]
[SourceQuality "1"]

1. c4 Nf6 2. Nc3 d5 3. cxd5 Nxd5 4. g3 g6 5. Bg2 c6 6. Nf3 Bg7 7. 0-0 0-0 8. d4 Nd7 9. e4 Nxc3 10. bxc3 e5 11. a4 Re8 12. d5 cxd5 13. exd5 Nb6 14. Ng5 h6 15. a5 Nc4 16. Qa4 Nd6 17. Ne4 Bf5 18. Nxd6 Qxd6 19. Ba3 Qd7 20. Qxd7 Bxd7 21. Rab1 b5 22. axb6 axb6 23. Bd6 b5 24. Rfc1 Bf8 25. Bxf8 Kxf8 26. Bf1 Reb8 27. Rb3 Ke7 28. Rcb1 Rc8 29. Bxb5 Bxb5 30. Rxb5 Rxc3 31. Rb7+ Kd6 32. Rxf7 Kxd5 33. Rf6 Rg8 34. Rbb6 h5 35. Rxg6 Rxg6 36. Rxg6 Rc6 37. Rg5 Ke4 38. Rxh5 Rf6 39. Kg2 Kd4 40. h4 Rb6 41. Rg5 Rb2 42. Rf5 e4 43. Kh3 1-0

[Event "Landesliga Sued 0405"]
[Site "Bayern"]
[Date "2004.11.14"]
[Round "2.1"]
[White "Zill, Christoph"]
[Black "Fischer, Johann Stefan"]
[Result "0-1"]
[WhiteElo "2204"]
[BlackElo "2229"]
[PlyCount "120"]
[EventDate "2004.10.24"]
[EventType "team-tourn"]
[EventRounds "9"]
[EventCountry "GER"]
[SourceTitle "EXT 2007"]
[Source "ChessBase"]
[SourceDate "2006.11.23"]
[SourceVersion "1"]
[SourceVersionDate "2006.11.23"]
[SourceQuality "1"]
[WhiteTeam "Freising"]
[BlackTeam "Muenchen Siemens"]
[WhiteTeamCountry "GER"]
[BlackTeamCountry "GER"]

1. f4 Nf6 2. Nf3 g6 3. d3 Bg7 4. g3 b6 5. Bg2 Bb7 6. 0-0 0-0 7. c3 d5 8. Na3 Nbd7 9. Nc2 Ne8 10. Nh4 e6 11. e4 dxe4 12. dxe4 Nd6 13. e5 Bxg2 14. Kxg2 Nf5 15. Nxf5 gxf5 16. Be3 Re8 17. Qd3 Qc8 18. Bf2 Bf8 19. Rfd1 Nc5 20. Bxc5 Bxc5 21. Qf3 Qa6 22. b4 Qa4 23. Rd2 Rad8 24. Rad1 Rxd2+ 25. Rxd2 Bf8 26. Ne3 c5 27. b5 Qxb5 28. c4 Qb1 29. g4 fxg4 30. Nxg4 Bg7 31. Qd3 Qc1 32. Kh3 Kh8 33. Rf2 Rg8 34. Qe4 Qg1 35. Rg2 Qd4 36. Qxd4 cxd4 37. Rd2 Rd8 38. Rd3 h5 39. Ne3 f6 40. exf6 Bxf6 41. Nc2 Rc8 42. Na3 a6 43. Kg2 Rc5 44. Rb3 Ra5 45. Kf3 Be7 46. Nc2 Bc5 47. Ke4 Ra4 48. Kd3 Rxa2 49. h3 Kg7 50. Nxd4 Kf6 51. Nc2 a5 52. Rb1 a4 53. Kc3 a3 54. Re1 Rb2 55. Ra1 Kf5 56. Re1 Kf6 57. Ra1 Bd6 58. Rf1 Kf7 59. Ra1 Be7 60. Rf1 Bf6+ 0-1

[Event "Landesliga Sued 0304"]
[Site "Bayern"]
[Date "2004.03.07"]
[Round "7.1"]
[White "Nikolac, Juraj"]
[Black "Fischer, Johann Stefan"]
[Result "0-1"]
[WhiteElo "2489"]
[BlackElo "2264"]
[PlyCount "66"]
[EventDate "2003.10.12"]
[EventType "team-tourn"]
[EventRounds "9"]
[EventCountry "GER"]
[SourceTitle "EXT 2006"]
[Source "ChessBase"]
[SourceDate "2005.11.24"]
[SourceVersion "1"]
[SourceVersionDate "2005.11.24"]
[SourceQuality "1"]
[WhiteTeam "Dorfen"]
[BlackTeam "Muenchen Siemens"]
[WhiteTeamCountry "GER"]
[BlackTeamCountry "GER"]

1. Nf3 Nf6 2. g3 c5 3. Bg2 Nc6 4. 0-0 g6 5. d3 Bg7 6. e4 0-0 7. Nbd2 d6 8. Nc4 b5 9. Ne3 Rb8 10. a4 a6 11. axb5 axb5 12. c3 b4 13. Bd2 bxc3 14. bxc3 Na5 15. Re1 Nb3 16. Rb1 Be6 17. Ng5 Nxd2 18. Rxb8 Qxb8 19. Nxe6 fxe6 20. Qxd2 Qb3 21. Bh3 Ne8 22. d4 cxd4 23. cxd4 Nc7 24. Bf1 Rb8 25. Rc1 Nb5 26. Bxb5 Qxb5 27. d5 Qa4 28. dxe6 Qxe4 29. Qd5 Rb4 30. Qa2 Bd4 31. Nd5 Rb2 32. Nxe7+ Kg7 33. Qd5 Bxf2+ 0-1

[Event "Landesliga Sued 0304"]
[Site "Bayern"]
[Date "2004.02.15"]
[Round "6.1"]
[White "Fischer, Johann Stefan"]
[Black "Reilein, Christian"]
[Result "1/2-1/2"]
[WhiteElo "2264"]
[BlackElo "2252"]
[PlyCount "126"]
[EventDate "2003.10.12"]
[EventType "team-tourn"]
[EventRounds "9"]
[EventCountry "GER"]
[SourceTitle "EXT 2006"]
[Source "ChessBase"]
[SourceDate "2005.11.24"]
[SourceVersion "1"]
[SourceVersionDate "2005.11.24"]
[SourceQuality "1"]
[WhiteTeam "Muenchen Siemens"]
[BlackTeam "Ingolstadt"]
[WhiteTeamCountry "GER"]
[BlackTeamCountry "GER"]

1. Nf3 d5 2. c4 d4 3. b4 c5 4. Bb2 a5 5. bxc5 Nc6 6. d3 e5 7. g3 Bxc5 8. Bg2 Nf6 9. 0-0 Qe7 10. Nbd2 a4 11. a3 0-0 12. Ne1 Bg4 13. h3 Bh5 14. Nc2 Ra6 15. Bc1 Rb6 16. Nb4 Ra8 17. g4 Bg6 18. g5 Nd7 19. Nd5 Qxg5 20. Ne4 Qd8 21. Bg5 f6 22. Nxb6 Bxb6 23. Bd2 Qe7 24. Qc2 f5 25. Ng3 Nc5 26. Rfb1 Nb3 27. Rxb3 axb3 28. Qxb3 Bc5 29. Rb1 h5 30. Bb4 h4 31. Nf1 Bxb4 32. axb4 e4 33. c5+ Kh7 34. Qc2 Qg5 35. Kh1 Qf4 36. e3 Qe5 37. dxe4 fxe4 38. b5 Ne7 39. exd4 Qxd4 40. Ne3 Rc8 41. Rd1 Qe5 42. Ng4 Qf5 43. Ne3 Qe5 44. Ng4 Qf5 45. Ne3 Qe5 46. Rc1 Nd5 47. Nxd5 Qxd5 48. Qc4 Qf5 49. c6 bxc6 50. bxc6 Rc7 51. Kg1 Qg5 52. Qc5 Bf5 53. Rc3 Qf4 54. Rb3 Rf7 55. Rb7 Rf6 56. c7 Rg6 57. Rb6 Rxb6 58. Qxb6 Qc1+ 59. Kh2 Qf4+ 60. Kh1 Qc1+ 61. Kh2 Qf4+ 62. Kg1 Qc1+ 63. Kh2 Qf4+ 1/2-1/2

[Event "Landesliga Sued 0304"]
[Site "Bayern"]
[Date "2003.10.12"]
[Round "1.1"]
[White "Christensen, Niels"]
[Black "Fischer, Johann Stefan"]
[Result "1-0"]
[WhiteElo "2161"]
[BlackElo "2264"]
[PlyCount "35"]
[EventDate "2003.10.12"]
[EventType "team-tourn"]
[EventRounds "9"]
[EventCountry "GER"]
[SourceTitle "EXT 2006"]
[Source "ChessBase"]
[SourceDate "2005.11.24"]
[SourceVersion "1"]
[SourceVersionDate "2005.11.24"]
[SourceQuality "1"]
[WhiteTeam "Bayern Muenchen II"]
[BlackTeam "Muenchen Siemens"]
[WhiteTeamCountry "GER"]
[BlackTeamCountry "GER"]

1. d4 c5 2. d5 e5 3. c4 d6 4. Nc3 f5 5. e4 f4 6. g3 fxg3 7. hxg3 Nf6 8. Bh3 Na6 9. Nf3 Nc7 10. Ng5 Bxh3 11. Rxh3 Qd7 12. Be3 g6 13. Qb3 0-0-0 14. Nb5 Nxb5 15. Qxb5 Ng4 16. Bd2 Bh6 17. Qxd7+ Rxd7 18. f3 1-0

[Event "EU-ch Seniors 03rd"]
[Site "Saint Vincent"]
[Date "2003.09.23"]
[Round "7"]
[White "Zunker, Reinhard"]
[Black "Fischer, Johann Stefan"]
[Result "1/2-1/2"]
[WhiteElo "2199"]
[BlackElo "2307"]
[PlyCount "75"]
[EventDate "2003.09.17"]
[EventType "swiss"]
[EventRounds "9"]
[EventCountry "ITA"]
[SourceTitle "CBM 096 Extra"]
[Source "ChessBase"]
[SourceDate "2003.10.22"]
[SourceVersion "2"]
[SourceVersionDate "2003.10.20"]
[SourceQuality "1"]

1. e4 c5 2. Nf3 e6 3. c3 Nc6 4. Bb5 Nf6 5. Qa4 Qc7 6. 0-0 Be7 7. Re1 0-0 8. d4 d5 9. e5 Ne4 10. Nbd2 Nxd2 11. Bxd2 Bd7 12. dxc5 Bxc5 13. Bd3 Nb4 14. Bb5 Bxb5 15. Qxb5 Nc2 16. Qd3 Nxe1 17. Rxe1 h6 18. g4 Qb6 19. Kg2 Qa6 20. Qb1 Qc4 21. h3 f5 22. b3 Qb5 23. g5 Qe8 24. Rg1 Qh5 25. Qd3 Be7 26. Kh2 hxg5 27. Bxg5 Rfe8 28. Qe3 Rac8 29. Bf6 Bf8 30. Nd4 Kf7 31. Bg5 Bc5 32. Qd2 a6 33. Nxf5 exf5 34. Qxd5+ Kf8 35. Bf6 g6 36. Qd7 Qh6 37. e6 Qf4+ 38. Kh1 1/2-1/2

[Event "Bad Woerishofen op 19th"]
[Site "Bad Woerishofen"]
[Date "2003.03.19"]
[Round "7"]
[White "Hanisch, Pavel"]
[Black "Fischer, Johann Stefan"]
[Result "0-1"]
[WhiteElo "2144"]
[BlackElo "2306"]
[PlyCount "60"]
[EventDate "2003.03.13"]
[EventType "swiss"]
[EventRounds "9"]
[EventCountry "GER"]
[SourceTitle "CBM 093 Extra"]
[Source "ChessBase"]
[SourceDate "2003.05.09"]
[SourceVersion "1"]
[SourceVersionDate "2003.05.09"]
[SourceQuality "1"]

1. e4 e5 2. Nf3 Nc6 3. Bb5 a6 4. Ba4 d6 5. d4 b5 6. Bb3 Nxd4 7. Nxd4 exd4 8. Qxd4 c5 9. Bxf7+ Kxf7 10. Qd3 Be6 11. f4 Qh4+ 12. g3 Qh3 13. Qf3 Re8 14. Kf2 Nf6 15. f5 Ng4+ 16. Kg1 Bc4 17. Bf4 Be7 18. b3 Bf6 19. c3 Rxe4 20. Nd2 Rxf4 21. Qb7+ Be7 22. bxc4 Rxf5 23. Re1 Ne5 24. cxb5 axb5 25. Qd5+ Kg6 26. Qe6+ Bf6 27. Rxe5 dxe5 28. Nf3 Kh6 29. Qc6 Rd8 30. Kf2 Rd3 0-1

[Event "Bad Woerishofen op 19th"]
[Site "Bad Woerishofen"]
[Date "2003.03.15"]
[Round "3"]
[White "Fischer, Johann Stefan"]
[Black "Dintheer, Willi"]
[Result "1-0"]
[WhiteElo "2306"]
[BlackElo "2098"]
[PlyCount "49"]
[EventDate "2003.03.13"]
[EventType "swiss"]
[EventRounds "9"]
[EventCountry "GER"]
[SourceTitle "CBM 093 Extra"]
[Source "ChessBase"]
[SourceDate "2003.05.09"]
[SourceVersion "1"]
[SourceVersionDate "2003.05.09"]
[SourceQuality "1"]

1. d4 d5 2. c4 e5 3. dxe5 d4 4. Nf3 Nc6 5. g3 Bg4 6. Bg2 Qd7 7. Nbd2 f6 8. exf6 Nxf6 9. a3 0-0-0 10. 0-0 d3 11. exd3 Qxd3 12. h3 Bh5 13. Qa4 Be8 14. b4 Kb8 15. b5 Nd4 16. Nxd4 Rxd4 17. Bb2 Rd6 18. Bxf6 Rxf6 19. Ne4 a6 20. Nxf6 gxf6 21. Bxb7 Bc5 22. Qxa6 Qxg3+ 23. Bg2 c6 24. bxc6 Kc7 25. Qb7+ 1-0

[Event "Bad Woerishofen op 19th"]
[Site "Bad Woerishofen"]
[Date "2003.03.13"]
[Round "1"]
[White "Fischer, Johann Stefan"]
[Black "Boettcher, Ulrich"]
[Result "1-0"]
[WhiteElo "2306"]
[BlackElo "2023"]
[PlyCount "77"]
[EventDate "2003.03.13"]
[EventType "swiss"]
[EventRounds "9"]
[EventCountry "GER"]
[SourceTitle "CBM 093 Extra"]
[Source "ChessBase"]
[SourceDate "2003.05.09"]
[SourceVersion "1"]
[SourceVersionDate "2003.05.09"]
[SourceQuality "1"]

1. d4 f5 2. g3 Nf6 3. Bg2 d6 4. Nf3 g6 5. 0-0 Bg7 6. Nc3 0-0 7. h3 Qe8 8. Qd3 c6 9. e4 e5 10. dxe5 dxe5 11. Re1 Nxe4 12. Nxe4 fxe4 13. Qxe4 Bf5 14. Qb4 Rf7 15. Ng5 Re7 16. g4 Bc8 17. Be3 Na6 18. Qc4+ Kh8 19. Rad1 h6 20. Ne4 Be6 21. Qa4 Kh7 22. c4 Qg8 23. Bf1 Nc7 24. Qb4 Rf7 25. Qxb7 Rb8 26. Qxc6 Rxb2 27. Rd6 Bc8 28. Bd3 Bb7 29. Qa4 Qf8 30. c5 Rfxf2 31. Nxf2 Qf3 32. Bxg6+ Kh8 33. Rd8+ Bf8 34. Rxf8+ Qxf8 35. Qd7 Qg7 36. Qd8+ Qg8 37. Qxc7 Qxg6 38. Qxe5+ Qg7 39. Bd4 1-0

[Event "Landesliga Sued 0203"]
[Site "Bayern"]
[Date "2003.01.12"]
[Round "4.1"]
[White "Christensen, Niels"]
[Black "Fischer, Johann Stefan"]
[Result "1/2-1/2"]
[WhiteElo "2178"]
[BlackElo "2220"]
[PlyCount "67"]
[EventDate "2002.10.20"]
[EventType "team-tourn"]
[EventRounds "9"]
[EventCountry "GER"]
[SourceTitle "EXT 2004"]
[Source "ChessBase"]
[SourceDate "2003.11.25"]
[SourceVersion "1"]
[SourceVersionDate "2003.11.25"]
[SourceQuality "1"]
[WhiteTeam "Bayern Muenchen II"]
[BlackTeam "Muenchen Siemens"]
[WhiteTeamCountry "GER"]
[BlackTeamCountry "GER"]

1. c4 c6 2. Nf3 d5 3. d4 Nf6 4. Nc3 a6 5. cxd5 cxd5 6. Bf4 Nc6 7. e3 Nh5 8. Be5 f6 9. Bg3 Nxg3 10. hxg3 g6 11. Bd3 f5 12. g4 e6 13. gxf5 gxf5 14. g4 fxg4 15. Nh2 g3 16. Qh5+ Kd7 17. fxg3 Kc7 18. 0-0-0 h6 19. Nf3 Bd7 20. Rdf1 Rc8 21. Ne5 Rg8 22. Nf7 Qe7 23. Bh7 Rg7 24. Bg6 Kb6 25. Nxh6 Na5 26. Kb1 Nc4 27. Rf2 Qb4 28. Nf5 Rxg6 29. Qxg6 Ka7 30. Qf7 Na3+ 31. Ka1 Rxc3 32. Qxd7 Qc4 33. bxc3 Qxc3+ 34. Rb2 1/2-1/2